| 000 | 01065nam0a22002771 4500 | ||
|---|---|---|---|
| 001 | rc\2777421 | ||
| 005 | 20260408050618.0 | ||
| 035 | _a(NLR Aleph) 006903680 | ||
| 090 |
_a7274119 _c7274119 |
||
| 100 | _a20110915d1942 u y0rusy50 ca | ||
| 101 | 0 | _arus | |
| 102 | _aAZ | ||
| 105 | _aa g ||||| | ||
| 200 | 1 |
_aСправочник укрупненных показателей по капитальному ремонту нефтяных и газовых скважин _fНаркомнефть СССР. Азербайджанский нефтяной комбинат |
|
| 210 |
_aБаку _aМосква _cАзгостоптехиздат _d1942 |
||
| 215 |
_a84 с. _cтабл. _d20 см. |
||
| 300 | _aНапеч. в Баку | ||
| 710 | 0 | 2 |
_aАзнефтекомбинат _cБаку _3RU\NLR\AUTH\8810195860 _9280943 |
| 801 | 0 |
_aRU _bNLR _gpsbo |
|
| 801 | 1 |
_aRU _bELAR _2rusmarc |
|
| 852 |
_aNLR _jТ96 Г-4/1 |
||
| 942 | _cBOOK | ||
| 945 | _aРоссийская национальная библиотека | ||
| 980 | _aNB | ||
| 980 | _aBV | ||